Guía de viaje : recopilación de dibujos y fotografías realizadas por los estudiantes : ARQ UDA : Colombia, Medellín, Bogotá /

Detalles Bibliográficos
Autores principales: Sotomayor Bustos, Cristian (Autor, Editor), Ayala Álvarez, Esteban (Autor, Editor)
Formato: Electrónico eBook
Lenguaje:español
Publicado: Cuenca, Ecuador : Universidad del Azuay, Casa Editora, [2019]
Edición:1a edición.
Materias:
Acceso en línea:Digitalia Hispánica

MARC

LEADER 00000nam a2200000Ii 4500
001 DIGUAZUAY0090
003 NyNyDIG
006 m o d
007 cr |||||||||||
008 251104s2019 ec aeo o 000 0 spa d
035 |a (OCoLC)1548425382 
040 |a DGITA  |b eng  |e rda  |e pn  |c DGITA 
020 |a 9789942822635  |q eBook 
043 |a s-ck--- 
050 1 4 |a TR659 ebook 
245 0 0 |a Guía de viaje :  |b recopilación de dibujos y fotografías realizadas por los estudiantes : ARQ UDA : Colombia, Medellín, Bogotá /  |c editores, coautores, Cristian Sotomayor Bustos, Esteban Ayala Álvarez. 
250 |a 1a edición. 
264 1 |a Cuenca, Ecuador :  |b Universidad del Azuay, Casa Editora,  |c [2019] 
300 |a 1 online resource :  |b illustrations, photographs, plans. 
336 |a text  |b txt  |2 rdacontent 
337 |a computer  |b c  |2 rdamedia 
338 |a online resource  |b cr  |2 rdacarrier 
347 |a text file  |2 rdaft 
347 |b PDF 
588 0 |a Online resource; title from PDF title page (Digitalia, viewed November 4, 2025) 
650 0 |a Architectural photography  |z Colombia  |z Medellín. 
650 0 |a Architectural photography  |z Colombia  |z Bogotá. 
650 0 |a Students  |x Travel  |z Colombia  |z Medellín. 
650 0 |a Students  |x Travel  |z Colombia  |z Bogotá. 
700 1 |a Sotomayor Bustos, Cristian,  |e editor,  |e author. 
700 1 |a Ayala Álvarez, Esteban,  |e editor,  |e author. 
791 2 |a Digitalia (Firm),  |e distributor. 
793 0 |g Digitalia eBook Collection:  |a Universidad del Azuay 
856 4 0 |3 Digitalia Hispánica  |u https://www.digitaliapublishing.com/a/133474/ 
910 |a Premium collection: 2025